00197nam a22000977a 4500003000400000082001600004245003100020260002600051300001000077546001200087OSt a630bICA/FI a50 years of Indian Farming aNew DelhibICARc1997 a292p. aEnglish